Statistics for Who Sang That 80s Song? (Hardish)

Click here to take the quiz!

General Stats

  • This quiz has been taken 49 times
  • The average score is 7 of 17

Answer Stats

HintAnswer% Correct
"Bette Davis Eyes"Kim Carnes
81%
"The Look Of Love"ABC
72%
"Don't Dream It's Over"Crowded House
70%
"Modern Love"David Bowie
58%
"We Belong"Pat Benatar
56%
"Hungry Eyes"Eric Carmen
49%
"Love Plus One"Haircut 100
49%
"Voices Carry"'Til Tuesday
49%
"In Between Days"The Cure
44%
"Angle of the Morning"Juice Newton
35%
"This Must Be The Place (Naive Melody)"Talking Heads
33%
"Love My Way"The Psychedelic Furs
28%
"The Day Before You Came"ABBA
19%
"This Woman's Work"Kate Bush
19%
"Washington Bullets"The Clash
14%
"Boy About Town"The Jam
12%
"I Want the One I Can't Have"The Smiths
12%

Score Distribution

Percentile by Number Answered

Percent of People with Each Score

Your Score History

You have not taken this quiz